| 000 | 00612nam a2200217 a 4500 | ||
|---|---|---|---|
| 005 | 20240803063716.0 | ||
| 008 | 050628s1998 000 eng d | ||
| 020 | _a8478444122 | ||
| 035 | _aUPN01000140537 | ||
| 049 | _aCG | ||
| 050 | 4 |
_aPQ4809 A4.8 _bD4.3 |
|
| 100 | 1 |
_aCalvino, Italo, _d1923-1985 |
|
| 245 | 1 | 0 |
_aDe fábula / _cItalo Calvino ; tr. de César Palma. |
| 260 |
_aMadrid : _bSiruela, _c1998. |
||
| 300 |
_a173 p. : _bil. |
||
| 440 | 0 |
_aBiblioteca Calvino ; _v1 |
|
| 534 |
_pTraducción de: _tSulla fiaba |
||
| 650 | 4 |
_aFábulas _98251 |
|
| 650 | 4 |
_aLiteratura italiana _95068 |
|
| 905 | _aLibro | ||
| 999 |
_c112685 _d112685 |
||